Europäische Länder mit einem Präsidenten - Statistiken

Allgemein
  • Dieses Quiz wurde 243 mal gespielt
  • Das Durchschnittsergebnis liegt bei 22 aus 28
Antwortstatistiken
Land % Korrekt
Frankreich
94%
Serbien
88%
Polen
86%
Slowakei
86%
Italien
85%
Estland
84%
Kroatien
84%
Russland
84%
Griechenland
83%
Rumänien
83%
Slowenien
83%
Ukraine
83%
Ungarn
83%
Bulgarien
81%
Finnland
81%
Portugal
81%
Tschechien
81%
Lettland
80%
Litauen
80%
Kosovo
79%
Albanien
78%
Weissrussland
77%
Montenegro
76%
Nordmazedonien
73%
Irland
72%
Moldawien
69%
Island
66%
Malta
61%
Keine übereinstimmenden Quizze gefunden
Verteilung der Resultate
Anzahl Personen mit jedem Resultat
Perzentil nach korrekt beantworteten Fragen
Ihre Resultats-Entwicklung
Sie haben dieses Quiz noch nicht gespielt